695 Mikołów Dworzec - Szopienice Szpital Geriatryczny - Statystyki

Ogólne statystyki
  • Ten quiz został rozwiązany 5 razy
  • Średni wynik to 18 z 41
Statystyki odpowiedzi
Gmina Pierwszy Człon Przystanek % Poprawnych
Katowice Szopienice Dwór
100%
Mikołów Mikołów Dworzec
100%
Katowice Murcki Dolina Murckowska
50%
Katowice Giszowiec Górniczego Stanu
50%
Mikołów Mikołów Kopalnia Barbara
50%
Katowice Kostuchna Kopalnia Murcki
50%
Katowice Zarzecze Kościół
50%
Katowice Kostuchna Kościól
50%
Katowice Giszowiec Kościół
50%
Katowice Nikiszowiec Kościoł
50%
Katowice Szopienice Kościół
50%
Katowice Kolonia Wysockiego Kulika
50%
Katowice Murcki Leśników
50%
Katowice Kostuchna Migdałowców
50%
Mikołów Mikołów Musioła
50%
Katowice Kostuchna Osiedle
50%
Katowice Murcki Osiedle
50%
Katowice Giszowiec Osiedle
50%
Katowice Zarzecze Osiedle Grota
50%
Katowice Podlesie PKP
50%
Katowice Szopienice PKP
50%
Katowice Podlesie Poczta
50%
Katowice Murcki Rynek
50%
Katowice Janów Spółdzielnia Inwalidów
50%
Katowice Podlesie Strzelnica
50%
Katowice Kostuchna Szarych Szeregów
50%
Katowice Nikiszowiec Szyb Pułaski
50%
Katowice Murcki Szyb Stanisław
50%
Katowice Podlesie Uniczowska
50%
Katowice Zarzecze Węgorzy
50%
Katowice Kolonia Wysockiego Woźniaków
50%
Katowice Murcki Wzgórze Wandy
50%
Katowice Kostuchna Zakłady
50%
Katowice Janów Zamkowa Skwer
50%
Katowice Murcki Bielska
0%
Katowice Giszowiec Kolista Stacja Paliw
0%
Katowice Szopienice Osiedlowa
0%
Katowice Giszowiec Przyjazna
0%
Katowice Giszowiec Radosna
0%
Katowice Szopienice Szpital Geriatyczny
0%
Katowice Katowice Wilhelma Skrzyżowanie
0%
Nie znaleziono quizów pasujących do podanych kryteriów
Rozkład punktacji
Procent ludzi z każdym wynikiem
Percentyl według liczby udzielonych odpowiedzi
Twoja historia wyników
Nie rozwiązałeś tego quizu